LEADER 02759nam 2200601 a 450 001 9910451119203321 005 20200520144314.0 010 $a1-280-85760-9 010 $a9786610857609 010 $a0-8213-6721-8 035 $a(CKB)1000000000289694 035 $a(EBL)459656 035 $a(OCoLC)568094423 035 $a(SSID)ssj0000085848 035 $a(PQKBManifestationID)12015809 035 $a(PQKBTitleCode)TC0000085848 035 $a(PQKBWorkID)10025592 035 $a(PQKB)10799713 035 $a(MiAaPQ)EBC459656 035 $a(Au-PeEL)EBL459656 035 $a(CaPaEBR)ebr10176244 035 $a(CaONFJC)MIL85760 035 $a(EXLCZ)991000000000289694 100 $a20070104d2007 uf 0 101 0 $aeng 135 $aur|n|---||||| 181 $ctxt 182 $cc 183 $acr 200 10$aChina's information revolution$b[electronic resource] $emanaging the economic and social transformation /$fChristine Zhen-Wei Qiang 210 $aWashington, D.C. $cWorld Bank$dc2007 215 $a1 online resource (158 p.) 300 $aDescription based upon print version of record. 311 $a0-8213-6720-X 320 $aIncludes bibliographical references (p. 125-129) and index. 327 $aChina's emerging informatization strategy -- Establishing an enabling legal and regulatory environment -- Enhancing telecommunications infrastructure -- Developing and innovating the ICT industry -- Improving ICT human resources -- Advancing e-government -- Fostering e-business -- Connecting the issues: a summing up. 330 $aThis report presents a comprehensive overview of the information, communication and technological sector in China, and the role it has played during economic and social transformation in the past decade. It provides guidance on the kind of reforms policy makers in China may wish to consider in pursuing the country's quest for continued ICT development. It also combines local perspectives with international experiences on how issues in areas such as legal and regulatory environment, telecommunications infrastructures, and IT industry have been addressed by other countries. 606 $aInformation technology$zChina$xManagement 606 $aSocial change$zChina$y21st century 607 $aChina$xEconomic conditions$y2000- 607 $aChina$xSocial conditions$y2000- 608 $aElectronic books. 615 0$aInformation technology$xManagement. 615 0$aSocial change 676 $a338.4/70040951 700 $aQiang$b Christine Zhen-Wei$0700289 801 0$bMiAaPQ 801 1$bMiAaPQ 801 2$bMiAaPQ 906 $aBOOK 912 $a9910451119203321 996 $aChina's information revolution$91368726 997 $aUNINA LEADER 01207nam2 22003131i 450 001 RML0294633 005 20231121125739.0 010 $a8842071919 100 $a20121121d2004 ||||0itac50 ba 101 | $aita 102 $ait 181 1$6z01$ai $bxxxe 182 1$6z01$an 200 1 $a˜1.: L'œordinamento italiano$fPaolo Tosi, Fiorella Lunardon 210 $aRoma [etc.] $cGLF Editori Laterza $d2004 215 $a223 p.$d21 cm 461 1$1001RML0294631$12001 $aIntroduzione al diritto del lavoro$fPaolo Tosi, Fiorella Lunardon 606 $aDiritto del lavoro$2FIR$3RMLC022524$9E 676 $a344.01$9Diritto in materia sociale$v21 700 1$aTOSI$b, Paolo$3RMLV148738$0133023 701 1$aLunardon$b, Fiorella$3RMLV174770$0145142 801 3$aIT$bIT-01$c20121121 850 $aIT-FR0098 899 $aBiblioteca Area Giuridico Economica$bFR0098 912 $aRML0294633 950 2$aBiblioteca Area Giuridico Economica$d 53DSG 16/165$e 53VM 0000643255 VM barcode:GIU0006281. - Inventario:13785. - Fondo:Sala consultazioneVM$fA $h20061107$i20121204 977 $a 53 996 $aOrdinamento italiano$91438105 997 $aUNICAS